| 000 | 00784cam a22002533a 4500 | ||
|---|---|---|---|
| 001 | 3098 | ||
| 003 | PGUSA | ||
| 005 | 20140828083025.0 | ||
| 008 | 020201s2002||||xxu|||||s|||||000 | eng d | ||
| 040 |
_aPGUSA _beng |
||
| 042 | _adc | ||
| 050 | 4 | _aE151 | |
| 050 | 4 | _aHE | |
| 100 | 1 |
_aHulbert, Archer Butler, _d1873-1933 |
|
| 245 | 1 | 4 |
_aThe Paths of Inland Commerce; A Chronicle of Trail, Road, and Waterway _h[electronic resource] / _cArcher Butler Hulbert |
| 260 |
_bProject Gutenberg, _c2002 |
||
| 500 | _aChronicles of America series; v. 21 | ||
| 506 | _aPublic domain in the USA. | ||
| 516 | _aElectronic text | ||
| 653 | _aTransportation -- United States -- History | ||
| 830 | 0 |
_aProject Gutenberg _v3098 |
|
| 856 | 4 | 0 | _uhttp://www.gutenberg.org/ebooks/3098 |
| 942 | _cEB | ||
| 999 |
_c232427 _d232427 |
||